हिन्दी की जातीय संस्कृति और औपनिवेशिकता/ (Record no. 193630)
| 000 -LEADER | |
|---|---|
| fixed length control field | 00711 a2200169 4500 |
| 003 - CONTROL NUMBER IDENTIFIER | |
| control field | LDD |
| 005 - DATE AND TIME OF LATEST TRANSACTION | |
| control field | 20190925160517.0 |
| 008 - FIXED-LENGTH DATA ELEMENTS--GENERAL INFORMATION | |
| fixed length control field | 190924b ||||| |||| 00| 0 eng d |
| 020 ## - INTERNATIONAL STANDARD BOOK NUMBER | |
| International Standard Book Number | 9788126730841 |
| 040 ## - CATALOGING SOURCE | |
| Transcribing agency | LDD |
| 082 ## - DEWEY DECIMAL CLASSIFICATION NUMBER | |
| Edition number | 23 |
| Classification number | 8H4.09 रा261हि |
| 100 ## - MAIN ENTRY--PERSONAL NAME | |
| Personal name | राजकुमार |
| Relator term | लेखक |
| 9 (RLIN) | 8093 |
| 245 ## - TITLE STATEMENT | |
| Title | हिन्दी की जातीय संस्कृति और औपनिवेशिकता/ |
| Statement of responsibility, etc. | राजकुमार |
| 260 ## - PUBLICATION, DISTRIBUTION, ETC. | |
| Name of publisher, distributor, etc. | राजकमल प्रकाशन |
| Date of publication, distribution, etc. | 2018 |
| Place of publication, distribution, etc. | नयी दिल्ली |
| 650 ## - SUBJECT ADDED ENTRY--TOPICAL TERM | |
| Topical term or geographic name entry element | हिन्दी निबंध |
| 9 (RLIN) | 8101 |
| 942 ## - ADDED ENTRY ELEMENTS (KOHA) | |
| Source of classification or shelving scheme | Dewey Decimal Classification |
| Koha item type | Books |
| Edition | 23 |
| Classification part | 8H4.09 रा261हि |
| Withdrawn status | Lost status | Source of classification or shelving scheme | Damaged status | Not for loan | Home library | Current library | Date acquired | Source of acquisition | Cost, normal purchase price | Total Checkouts | Full call number | Barcode | Date last seen | Cost, replacement price | Price effective from | Koha item type |
|---|---|---|---|---|---|---|---|---|---|---|---|---|---|---|---|---|
| No | Dewey Decimal Classification | Library and Documentation Division | Library and Documentation Division | 08/05/2019 | 67 | 559.20 | 8H4.09 रा261हि | H022076 | 08/05/2019 | 699.00 | 08/05/2019 | Hindi Books |
